000
00276nam a2200097Ia 4500
008
230915s9999 xx 000 0 und d
050
_a
LB2831.58.R43 1995
100
_a
REBORE, RONALD W.
245
0
_a
PERSONAL ADMINISTRATION IN EDUCATION: A MANAGEMENT APPROACH
942
_c
BK
999
_c
169758
_d
169758